00294nam a22001097a 4500020001800000082001200018100002700030245005400057260004700111300000800158650001800166 a9788120804593 a954 MUK aMukherjee, Ramakrishna aBeyond the Four Varnas: The Untouchables in India aDelhibMotilal Banarsidas Publishersc1988 a120 aHistory-India